00634nam a2200169 a 450000100100000000500170001000800410002704000250006808200150009310000370010824500430014526000500018830000200023804900090025895201800026799900170044700003336320200930070216.0110825s1913 dr 000 0 spa d aDO-SdBNPbspacBNPHU axxxxbC1751 aCambiaso, Rodolfo Domingo95894610aBosquejo sobre la historia /cR. D. C. aSanto Domingo :bLa cuna de América,c1913. a35 p. ;c26 cm. aBNPD 001050718RVaPDbPDcCTd2011-08-25iLF1l0oxxxx C175p33363-10r2020-06-25w2020-06-25y1zPerteneció a la biblioteca personal de Carlos Larrazabal BlancoZNo se presta c32854d32854